00465nam a2200157 a 450000500170000000800410001704000250005804100080008304400070009124501060009826000370020430000100024165000210025165000220027266200130029420200104041512.0140221b1980 ck ||||| |||| 00| 0 spa d aCO-BoIAVHcCO-BoIAVH aspa ack aAreas protegidas que cumplen con los requisitos para ser incluidas en la lista de las Naciones Unidas aSan Juan (Pacifico)c1980?bs.e. a36 p. aAreas protegidas aCategorías UICN aColombia